|
|
|
|
| LEADER |
00000ny a22000003n 4500 |
| 005 |
20110621182344.0 |
| 008 |
A10218s1999 sp || 000|0 spa d |
| 020 |
|
|
|a 9788480043694
|
| 035 |
|
|
|a 420
|
| 040 |
|
|
|a BUS
|d vLex
|
| 080 |
|
|
|a 343.161 460
|
| 080 |
|
|
|a 343.195 460
|
| 090 |
|
|
|c 1251
|d 1251
|
| 100 |
1 |
|
|a Oliva Santos, Andrš de la
|
| 245 |
1 |
0 |
|a Comentarios a la Ley del Jurado
|h [Recurso electrn̤ico]
|c Andrš de la Oliva Santos
|
| 256 |
|
|
|a Servicio en ln̕ea
|
| 260 |
|
|
|a Madrid :
|b Centro de Estudios Ramn̤ Areces,
|c 2004
|
| 300 |
|
|
|a v.
|
| 506 |
1 |
|
|a Contenido solo disponible en los productos indicados
|d vLex Global
|d vLex Global (Academic Edition, excluding Law Schools)
|d vLex Global (U.S. Academic Edition, Law Schools)
|d vLex Global (U.S. Academic Edition, excluding Law Schools)
|d vLex Global (Academic Edition, Law Schools)
|
| 650 |
0 |
7 |
|a Procesal
|2 Tesauro vLex
|
| 650 |
0 |
7 |
|a Lei Municipal Nð 236/91
|2 Tesauro vLex
|
| 650 |
0 |
7 |
|a Tribunal del Jurado
|2 Tesauro vLex
|
| 740 |
0 |
|
|a vLex Libros (Servicios en ln̕ea)
|
| 856 |
4 |
0 |
|u http://vlex.com/source/ley-jurado-comentarios-420
|z Acceso restringido
|
| 942 |
|
|
|c BOOK
|